00333nam a2200145Ia 45000030006000000080041000060400015000471000018000622450022000802500006001022600042001083000006001505460014001560050017001700STCL150530s9999 xx 000 0 und d aSTCLcSTCL aAzeez, V.A.A. aNaayattu Kathakal a2 bCurrent Book; Thrissurc198aThrissur a0 aMalayalam20220125171642.0